The chinese peasant economy : Agricultural development in Hopei and Shantung, 1890 - 1949

সংরক্ষণ করুন:
গ্রন্থ-পঞ্জীর বিবরন
প্রধান লেখক: Myers, Ramon H.
বিন্যাস: গ্রন্থ
ভাষা:Undetermined
প্রকাশিত: Rainbow Bridge Book 1970
বিষয়গুলি:
ট্যাগগুলো: ট্যাগ যুক্ত করুন
কোনো ট্যাগ নেই, প্রথমজন হিসাবে ট্যাগ করুন!
Thư viện lưu trữ: Trung tâm Học liệu Trường Đại học Cần Thơ
LEADER 00590nam a2200205Ia 4500
001 CTU_105517
008 210402s9999 xx 000 0 und d
082 |a 338.1 
082 |b M996 
100 |a Myers, Ramon H. 
245 4 |a The chinese peasant economy : 
245 0 |b Agricultural development in Hopei and Shantung, 1890 - 1949 
245 0 |c Ramon H. Myers 
260 |b Rainbow Bridge Book 
260 |c 1970 
650 |a Agriculture 
650 |x Economic aspects 
650 |z China,Hebei Sheng 
904 |i Nguyên 
980 |a Trung tâm Học liệu Trường Đại học Cần Thơ